871 famous last words

Bibliographic Details
Main Author: Brandreth, Gyles
Format: Book
Published: New York : Bell Publishing , 1979
Subjects:

MARC

LEADER 00000cam a2200000 7i4500
001 0000000531
002 000000616
005 20000330.0
020 |a T000000114 
090 0 0 |a 808.882   |b BRA 
100 1 |a Brandreth, Gyles 
245 1 0 |a 871 famous last words   |c Gyles Brandreth 
260 |a New York :   |b Bell Publishing ,   |c 1979 
300 |a 192p 
650 0 0 |a Last words 
999 |a 4363   |b BUKU   |c PINJAMAN   |e PERPUSTAKAAN KOMUNITI PETALING JAYA